Statistics for General Knowledge #9

Click here to take the quiz!

General Stats

  • This quiz has been taken 49 times
  • The average score is 7 of 10

Answer Stats

HintAnswer% Correct
How many people are in an octet?8
100%
What country was the first ever to use poison gas in war?Germany
80%
In 1492, who sailed the ocean blue?Christopher Columbus
74%
The three layers of the earth are the crust, core, and what?Mantle
72%
What is the capital of New York?Albany
67%
What team did Germany beat 7-1 in the Semifinal of the 2014 World Cup?Brazil
67%
What is the capital of Pakistan?Islamabad
67%
What movie franchise has made over $33 Billion overall (including toys, etc.)?Star Wars
52%
Schools in Finland do not give out what?Homework
41%
In the cartoon show, what if the last of Phineas's step-brother?Ferb
39%

Score Distribution

Percentile by Number Answered

Percent of People with Each Score

Your Score History

You have not taken this quiz